000
00300nam a2200133Ia 4500
100
_a
Senn/John A
942
_c
BK
654
_a
Information System
245
_a
Analysis & Design Of Information System
260
_b
McGraw Hill
_a
New York
_c
1987
082
_a
3
300
_a
614
546
_a
ENGLISH
999
_c
30411
_d
30411